000 00906nam a22002297a 4500
003 OSt
005 20211208131850.0
008 120530t xxu||||| |||| 00| 0 eng d
024 _a1453901091314
040 _cLC
050 _aHD69.P75.I95
245 _aIvey client project. /
_cJoe Compeau ...[et al.]
246 _aBUS 4569 September 2013
260 _aLondon, Ontario:
_bIvey Business School,
_c2013.
300 _a[various pagings].:
_bill.;
490 _3Business case studies
505 _aContents: Bei capelli (A) -- All problems are local: understanding the situation -- What’s the point? Agreeing on the objective -- Size matters: determining the scope -- Appendix B: interviewing to collect data -- techniques are not enough -- ICP primary research approval form --
653 _aProject management
700 _qCompeau, Joe
710 _bIvey Business School
942 _2lcc
_cBK
999 _c8229
_d15729